• 首页
  • 本馆介绍
  • 公告通知
  • 最新文献
  • 馆藏检索
  • 电子资源
  • 读者导购
  • 参考咨询
  • 我的图书馆
  • 登录
  • 详细信息显示
  • 放入我的书架
  • 预约/预借图书
  • 作者相关作品
  • 分类相关作品
  • 丛书相关作品
  • 出版社相关作品

书目信息

  • 表格格式
  • 工作单格式
  • 卡片格式
题名:
煤矿测量
    
 
作者: ;开滦煤矿 编
分册:  
出版信息: 北京   煤炭工业出版社  1977
页数: 419页
开本: 20cm
丛书名:
单 册:
中图分类: TD17
科图分类:
主题词: 矿山测量
电子资源:
ISBN:
000 00589nam0 2200229 45
001 0177003160
005 20060820152142.84
010    @dCNY1.30
091    @a15035.2091
100    @a19951011d1977 em y0chiy0121 ea
101 0  @achi
102    @aCN@b110000
105    @ay z 000yy
200 10 @a煤矿测量@Amei kuang ce liang@f开滦煤矿等编
210    @a北京@c煤炭工业出版社@d1977
215    @a419页@d20cm
606    @a矿山测量
690    @aTD17@v3
711 02 @a开滦煤矿@Akai luan mei kuang@4编
801  2 @aCN@bNLC@c20060820
801  0 @aCN@bTSSF@c20060815
905    @a10447@dTD17@e16
    
    煤矿测量/开滦煤矿等编.-北京:煤炭工业出版社,1977
    419页;20cm
    
    
    ISBN :CNY1.30
    
●
相关链接 在E读中查询图书 在五车中查询图书 在当当中查询图书 在豆瓣中查询图书


正题名:煤矿测量     索取号:TD17/16         预约/预借

序号 登录号 条形码 馆藏地/架位号 状态 备注
1 0458266   204582665   密集书库/ [索取号:TD17/16] 在馆    
2 0458597   204585975   密集书库/ [索取号:TD17/16] 在馆    
3 0470422   204704221   密集书库/ [索取号:TD17/16] 在馆    
唐山师范学院图书馆 欢迎您!
大连网信软件有限公司© 版权所有